000 00338nam a2200145Ia 4500
008 230312s9999||||xx |||||||||||||| ||und||
020 _a0-07-225953-1
082 _a005.446
_bSIM-W
100 _aSimmons;Curt
245 0 _aWindows XP
260 _bMcGraw Hill
_aUSA
_c2007
300 _a370
650 _aComputer
_vComputer
942 _cBK
999 _c15281
_d15281